[Event "DVM U16 2009"]
[Site "Verden/Aller GER"]
[Date "2009.12.28"]
[Round "3"]
[White "Evers, Annika"]
[Black "Hofmann, Christoph"]
[Result "0-1"]
[Termination "normal"]
[Board "7.3"]
[WhiteElo "1676"]
[BlackElo "1509"]
[WhiteTeam "Stader Schachverein"]
[BlackTeam "SK 1980 Gernsheim"]
[PlyCount "56"]
[WhiteFideId "24691933"]
[BlackFideId "24698857"]
[EventCountry "GER"]
[EventRounds "7"]
[EventType "team-swiss"]
[EventDate "2009.12.26"]

1. e4 c5 2. Nf3 e6 3. d4 cxd4 4. Nxd4 Nf6 5. Nc3 Bb4 6. Bd3 e5 7. Nde2 d5 8.
exd5 Nxd5 9. O-O Bxc3 10. Nxc3 Nxc3 11. bxc3 O-O 12. Qh5 f5 13. Bc4+ Kh8 14.
Ba3 g6 15. Qe2 Rf6 16. Qxe5 Nc6 17. Rfd1 Qxd1+ 18. Rxd1 Nxe5 19. Rd8+ Kg7 20.
Rg8+ Kh6 21. Bc1+ f4 22. Be2 g5 23. g3 Rg6 24. Re8 Re6 25. Rg8 Nf3+ 26. Bxf3
Re1+ 27. Kg2 Rxc1 28. Bg4 Bxg4 0-1

[Event "DVM U16 2009"]
[Site "Verden/Aller GER"]
[Date "2009.12.28"]
[Round "3"]
[White "Fornoff, Robin"]
[Black "Meyer, Christoph"]
[Result "0-1"]
[Termination "normal"]
[Board "7.4"]
[WhiteElo "1426"]
[BlackElo "1591"]
[WhiteTeam "SK 1980 Gernsheim"]
[BlackTeam "Stader Schachverein"]
[PlyCount "142"]
[WhiteFideId "24698890"]
[BlackFideId "1270490"]
[EventCountry "GER"]
[EventRounds "7"]
[EventType "team-swiss"]
[EventDate "2009.12.26"]

1. e4 c5 2. Nc3 Nc6 3. f4 d6 4. Bc4 g6 5. Nf3 Bg7 6. d3 e6 7. O-O Nge7 8. Qe1
O-O 9. f5 d5 10. Bb3 exf5 11. Qh4 d4 12. Ne2 Ne5 13. Ng5 h5 14. Nf3 N7c6 15.
Bg5 Qc7 16. Ng3 Nxf3+ 17. Rxf3 Ne5 18. Rff1 fxe4 19. Nxe4 Be6 20. Be7 Rfe8 21.
Bxe6 Rxe7 22. Bb3 Ng4 23. g3 Qe5 24. Rae1 Ne3 25. Rf2 b5 26. Nd2 Rae8 27. Nf3
Qc7 28. Qg5 c4 29. dxc4 bxc4 30. Ba4 Rb8 31. b3 c3 32. Bb5 Ra8 33. Bd3 Qd6 34.
Qb5 a6 35. Qg5 a5 36. Qb5 Ree8 37. Qg5 a4 38. Bb5 Bf6 39. Qh6 Reb8 40. Ng5 Bxg5
41. Qxg5 axb3 42. axb3 Qd8 43. Qxd8+ Rxd8 44. Bd3 Rd7 45. Rfe2 f5 46. Rf2 Kf7
47. h3 Kf6 48. Kh2 Rg7 49. Rg1 Ke5 50. Re1 Rga7 51. Kg1 Ra1 52. Rfe2 g5 53. Kf2
g4 54. h4 f4 55. gxf4+ Kxf4 56. b4 g3+ 57. Kg1 Kg4 58. Be4 Rxe1+ 59. Rxe1 Rb8
60. b5 Kxh4 61. Bd3 Kg4 62. Rb1 Kf4 63. Rb4 Ke5 64. Ra4 h4 65. Ra6 g2 66. Rh6
Rf8 67. Rh5+ Kd6 68. Rh6+ Kc5 69. Rxh4 Rf1+ 70. Bxf1 gxf1=Q+ 71. Kh2 Qg2# 0-1

[Event "DVM U16 2009"]
[Site "Verden/Aller GER"]
[Date "2009.12.28"]
[Round "3"]
[White "Viereck, Marten"]
[Black "Junk, Philipp"]
[Result "1/2-1/2"]
[Termination "normal"]
[Board "8.1"]
[WhiteElo "1933"]
[BlackElo "1760"]
[WhiteTeam "SV Dresden-Striesen"]
[BlackTeam "SC Noris-Tarrasch Nürnberg 1873"]
[PlyCount "76"]
[WhiteFideId "24692190"]
[BlackFideId "24669512"]
[EventCountry "GER"]
[EventRounds "7"]
[EventType "team-swiss"]
[EventDate "2009.12.26"]

1. Nf3 Nf6 2. g3 d5 3. Bg2 c5 4. O-O Nc6 5. b3 g6 6. Bb2 Bg7 7. d4 Ne4 8. c3 b6
9. Nbd2 Nf6 10. Re1 Bb7 11. Qc2 Rc8 12. dxc5 bxc5 13. e3 O-O 14. c4 Nb4 15. Qc3
Nh5 16. Ne5 Qc7 17. f4 Rfd8 18. Ndf3 dxc4 19. Qxc4 e6 20. e4 Ba6 21. Qc1 f6 22.
a3 Nd3 23. Nxd3 Bxd3 24. Kh1 c4 25. bxc4 Qb7 26. Nd2 Qa6 27. Bf1 Bf8 28. Qc3
Bxf1 29. Rxf1 Be7 30. a4 Rd7 31. Ba3 Bxa3 32. Rxa3 Rcd8 33. Rd1 Kf7 34. Ra2 Qc6
35. Re1 Qc5 36. Nb3 Qc6 37. Nd2 Qc5 38. Nb3 Qc6 1/2-1/2

[Event "DVM U16 2009"]
[Site "Verden/Aller GER"]
[Date "2009.12.28"]
[Round "3"]
[White "Kulok, Solomon"]
[Black "Zenziper, Leo Robert"]
[Result "1/2-1/2"]
[Termination "normal"]
[Board "8.2"]
[WhiteElo "1650"]
[BlackElo "1429"]
[WhiteTeam "SC Noris-Tarrasch Nürnberg 1873"]
[BlackTeam "SV Dresden-Striesen"]
[PlyCount "77"]
[WhiteFideId "24652210"]
[EventCountry "GER"]
[EventRounds "7"]
[EventType "team-swiss"]
[EventDate "2009.12.26"]

1. e4 e6 2. d4 d5 3. exd5 exd5 4. Bd3 Bd6 5. Qf3 c6 6. Ne2 Nf6 7. h3 Be6 8.
Nbc3 Nbd7 9. Bd2 Qc7 10. Bf4 O-O-O 11. Bxd6 Qxd6 12. a3 Rde8 13. O-O g5 14. Qg3
Qxg3 15. Nxg3 Nf8 16. Nf5 Bxf5 17. Bxf5+ Kd8 18. Rfe1 Ng6 19. g3 h5 20. f3 Rhg8
21. Rxe8+ Nxe8 22. b4 h4 23. Bxg6 Rxg6 24. g4 Nd6 25. Kf2 a6 26. a4 Rf6 27. Kg2
Nc4 28. Kf2 Nd2 29. Ke3 Nc4+ 30. Kf2 Ke7 31. Re1+ Re6 32. Rxe6+ Kxe6 33. Ke2 f5
34. a5 b5 35. Na2 f4 36. c3 Nd6 37. Nc1 Nb7 38. Nd3 Kd6 39. Kd2 1/2-1/2

[Event "DVM U16 2009"]
[Site "Verden/Aller GER"]
[Date "2009.12.28"]
[Round "3"]
[White "Leithold, Christian"]
[Black "Sabnew, Andrej"]
[Result "1/2-1/2"]
[Termination "normal"]
[Board "8.3"]
[WhiteElo "1338"]
[BlackElo "1710"]
[WhiteTeam "SV Dresden-Striesen"]
[BlackTeam "SC Noris-Tarrasch Nürnberg 1873"]
[PlyCount "128"]
[BlackFideId "4625722"]
[EventCountry "GER"]
[EventRounds "7"]
[EventType "team-swiss"]
[EventDate "2009.12.26"]

1. e4 e5 2. Nf3 Nc6 3. Bb5 a6 4. Ba4 Bc5 5. O-O b5 6. Bb3 d6 7. Re1 Bg4 8. c3
Nf6 9. d3 h6 10. h3 Bh5 11. Be3 Ba7 12. Bxa7 Nxa7 13. d4 Nd7 14. Qd3 c5 15. Bd5
Rb8 16. dxc5 Nxc5 17. Qe2 O-O 18. b3 Nc8 19. c4 Ne7 20. Nbd2 Nxd5 21. exd5 f5
22. Qe3 f4 23. Qc3 b4 24. Qc2 Bxf3 25. Nxf3 e4 26. Nd4 f3 27. g3 Qd7 28. Ne6
Nxe6 29. dxe6 Qxe6 30. Qxe4 Qxh3 31. Qe6+ Qxe6 32. Rxe6 Rfd8 33. Rd1 Rb6 34.
Rd3 Kf7 35. Ree3 a5 36. Rxf3+ Kg6 37. Kg2 Ra6 38. Rd5 Re8 39. Rfd3 Re6 40. Rd2
Kf7 41. Kf3 Ke7 42. Re2 Ra7 43. Rxe6+ Kxe6 44. Kg4 g6 45. f4 Ra8 46. f5+ gxf5+
47. Kf4 Ra7 48. Rxf5 Ra8 49. Rh5 Rf8+ 50. Ke3 Rf5 51. Rxh6+ Kd7 52. Rh4 Rg5 53.
Kf3 Rf5+ 54. Rf4 Rh5 55. Ke3 Rh2 56. Rf2 Rh5 57. g4 Re5+ 58. Kd4 Rg5 59. Rg2
Ke6 60. Ke4 Kf6 61. Kf4 Re5 62. g5+ Kg6 63. Rd2 Rf5+ 64. Ke4 Re5+ 1/2-1/2

[Event "DVM U16 2009"]
[Site "Verden/Aller GER"]
[Date "2009.12.28"]
[Round "3"]
[White "Myagkov, Kirill"]
[Black "Röbke, Martin"]
[Result "1-0"]
[Termination "normal"]
[Board "8.4"]
[WhiteElo "1786"]
[BlackElo "1265"]
[WhiteTeam "SC Noris-Tarrasch Nürnberg 1873"]
[BlackTeam "SV Dresden-Striesen"]
[PlyCount "31"]
[WhiteFideId "24657042"]
[BlackFideId "12910244"]
[EventCountry "GER"]
[EventRounds "7"]
[EventType "team-swiss"]
[EventDate "2009.12.26"]

1. e4 e5 2. Nf3 Nc6 3. Bc4 Bc5 4. c3 d6 5. d4 Bb6 6. O-O Bd7 7. Be3 h6 8. Nbd2
Nf6 9. Qc2 O-O 10. Nb3 a5 11. a4 Qe8 12. Rfe1 exd4 13. Bxd4 Nxd4 14. Nbxd4 c6
15. Nh4 g6 16. Nxg6 1-0

[Event "DVM U16 2009"]
[Site "Verden/Aller GER"]
[Date "2009.12.28"]
[Round "3"]
[White "Schulz, Anja"]
[Black "Kuhlemann, Alexander"]
[Result "1-0"]
[Termination "normal"]
[Board "9.1"]
[WhiteElo "1996"]
[BlackElo "1855"]
[WhiteTeam "SV Muldental Wilkau-Haßlau"]
[BlackTeam "SC 1868 Bamberg"]
[PlyCount "55"]
[WhiteFideId "24647845"]
[EventCountry "GER"]
[EventRounds "7"]
[EventType "team-swiss"]
[EventDate "2009.12.26"]

1. e4 e5 2. Nf3 Nc6 3. Bb5 a6 4. Ba4 Nf6 5. d3 b5 6. Bb3 Be7 7. O-O O-O 8. Re1
d6 9. c3 Bg4 10. Nbd2 Na5 11. Bc2 c5 12. h3 Bh5 13. Nf1 Nd7 14. Ne3 Bg6 15. g4
Nb6 16. Nf5 Nc6 17. Kg2 c4 18. d4 exd4 19. N3xd4 Nxd4 20. Nxe7+ Qxe7 21. Qxd4
Nc8 22. f4 h5 23. f5 Bh7 24. Bf4 hxg4 25. hxg4 Ra7 26. Rh1 d5 27. e5 f6 28.
Qxd5+ 1-0

[Event "DVM U16 2009"]
[Site "Verden/Aller GER"]
[Date "2009.12.28"]
[Round "3"]
[White "Bücker, Florian"]
[Black "Schuffenhauer, Robert"]
[Result "1-0"]
[Termination "normal"]
[Board "9.2"]
[WhiteElo "1628"]
[BlackElo "1629"]
[WhiteTeam "SC 1868 Bamberg"]
[BlackTeam "SV Muldental Wilkau-Haßlau"]
[PlyCount "43"]
[WhiteFideId "12910171"]
[BlackFideId "1270108"]
[EventCountry "GER"]
[EventRounds "7"]
[EventType "team-swiss"]
[EventDate "2009.12.26"]

1. f4 d5 2. e3 c5 3. b3 e6 4. Bb2 f6 5. Nf3 Bd6 6. c4 d4 7. Bd3 Nc6 8. Qe2 dxe3
9. dxe3 Nb4 10. Nc3 Nxd3+ 11. Qxd3 Nh6 12. Ne4 Be7 13. Qxd8+ Kxd8 14. O-O-O+
Kc7 15. Rhg1 Nf5 16. g4 Nh6 17. g5 Ng8 18. gxf6 Bxf6 19. Rxg7+ Bxg7 20. Bxg7 b6
21. Bxh8 Bb7 22. Be5+ 1-0

[Event "DVM U16 2009"]
[Site "Verden/Aller GER"]
[Date "2009.12.28"]
[Round "3"]
[White "Ahlswede, Christian"]
[Black "Schrepfer, Maximilian"]
[Result "0-1"]
[Termination "normal"]
[Board "9.3"]
[WhiteElo "1437"]
[BlackElo "1550"]
[WhiteTeam "SV Muldental Wilkau-Haßlau"]
[BlackTeam "SC 1868 Bamberg"]
[PlyCount "76"]
[BlackFideId "12910180"]
[EventCountry "GER"]
[EventRounds "7"]
[EventType "team-swiss"]
[EventDate "2009.12.26"]

1. e4 e6 2. d4 d5 3. e5 c5 4. c3 Nc6 5. Nf3 Qb6 6. Qd3 Bd7 7. b3 Rc8 8. Bf4
cxd4 9. cxd4 Nb4 10. Qd2 Nc2+ 11. Kd1 Nxa1 12. Bd3 Bb5 13. Bxb5+ Qxb5 14. Nc3
Qb4 15. Na4 Nc2 16. Ke2 Qxd2+ 17. Kxd2 Nb4 18. a3 Nc6 19. b4 Nge7 20. Rc1 Ng6
21. Be3 Kd7 22. Ng5 Nd8 23. Nc5+ Bxc5 24. dxc5 Nxe5 25. a4 f6 26. Nh3 Nc4+ 27.
Rxc4 dxc4 28. Kc3 Nc6 29. Kxc4 Rhd8 30. Bf4 e5 31. Be3 Ke6 32. f4 e4 33. g4 Rd3
34. f5+ Kf7 35. Nf4 Rxe3 36. Ne6 Rd3 37. g5 a6 38. gxf6 Ne5# 0-1

[Event "DVM U16 2009"]
[Site "Verden/Aller GER"]
[Date "2009.12.28"]
[Round "3"]
[White "Seubert, Lukas"]
[Black "Range, Felix"]
[Result "1/2-1/2"]
[Termination "normal"]
[Board "9.4"]
[WhiteElo "1557"]
[BlackElo "1274"]
[WhiteTeam "SC 1868 Bamberg"]
[BlackTeam "SV Muldental Wilkau-Haßlau"]
[PlyCount "70"]
[BlackFideId "12905623"]
[EventCountry "GER"]
[EventRounds "7"]
[EventType "team-swiss"]
[EventDate "2009.12.26"]

1. c4 e6 2. Nc3 Nf6 3. Nf3 d5 4. cxd5 exd5 5. d4 Be6 6. Bf4 Be7 7. e3 O-O 8.
Qb3 b6 9. Nb5 Na6 10. a3 c6 11. Nc3 Nc7 12. Bd3 c5 13. Qc2 Bd6 14. Bxd6 Qxd6
15. O-O c4 16. Bf5 Bxf5 17. Qxf5 Rfe8 18. Ng5 h6 19. Nh3 b5 20. Qc2 a5 21. Rfb1
b4 22. Ne2 b3 23. Qc1 a4 24. Nc3 Reb8 25. Nf4 g5 26. Nfe2 Nb5 27. Nxb5 Rxb5 28.
Nc3 Rbb8 29. Qd2 Nd7 30. Rf1 f5 31. Qe2 Nf6 32. Qf3 g4 33. Qxf5 Kg7 34. Qe5 Rb6
35. Qxd6 Rxd6 1/2-1/2

[Event "DVM U16 2009"]
[Site "Verden/Aller GER"]
[Date "2009.12.28"]
[Round "3"]
[White "Biesel, Mario"]
[Black "Kremser, Michael"]
[Result "0-1"]
[Termination "normal"]
[Board "10.1"]
[WhiteElo "1523"]
[BlackElo "1910"]
[WhiteTeam "SC Turm Illingen"]
[BlackTeam "Schachgemeinschaft Porz"]
[PlyCount "70"]
[WhiteFideId "12910252"]
[BlackFideId "1270131"]
[EventCountry "GER"]
[EventRounds "7"]
[EventType "team-swiss"]
[EventDate "2009.12.26"]

1. c4 c5 2. Nc3 Nc6 3. Nf3 Nf6 4. g3 g6 5. Bg2 Bg7 6. O-O O-O 7. d3 d5 8. cxd5
Nxd5 9. Bd2 Rb8 10. Rb1 Nc7 11. Ne4 b6 12. a3 Bb7 13. Qc2 Ne6 14. Bc3 Ned4 15.
Bxd4 Nxd4 16. Nxd4 Qxd4 17. b4 Rfc8 18. Qc4 Qe5 19. Rfc1 Rc7 20. bxc5 Rbc8 21.
Qa4 bxc5 22. Nf6+ Bxf6 23. Bxb7 Rd8 24. Qxa7 Qxe2 25. Qa5 Rcd7 26. Be4 Bd4 27.
Qe1 Qa2 28. Rc4 Bxf2+ 29. Qxf2 Qxb1+ 30. Kg2 Rb8 31. Rc2 Rd4 32. Kh3 Qb6 33.
Qf3 Qe6+ 34. Kg2 c4 35. dxc4 Qxe4 0-1

[Event "DVM U16 2009"]
[Site "Verden/Aller GER"]
[Date "2009.12.28"]
[Round "3"]
[White "Finke, Kai"]
[Black "Kuhn, Patrick"]
[Result "1/2-1/2"]
[Termination "normal"]
[Board "10.2"]
[WhiteElo "1659"]
[BlackElo "1617"]
[WhiteTeam "Schachgemeinschaft Porz"]
[BlackTeam "SC Turm Illingen"]
[PlyCount "65"]
[WhiteFideId "1270611"]
[BlackFideId "12910260"]
[EventCountry "GER"]
[EventRounds "7"]
[EventType "team-swiss"]
[EventDate "2009.12.26"]

1. e4 c5 2. Nf3 d6 3. d4 cxd4 4. Nxd4 Nf6 5. Nc3 g6 6. Be3 Bg7 7. f3 O-O 8. Qd2
Nc6 9. Bc4 Bd7 10. O-O-O Rc8 11. Bb3 Ne5 12. h4 Nc4 13. Bxc4 Rxc4 14. h5 Nxh5
15. g4 Nf6 16. e5 dxe5 17. Nb3 Rc6 18. Qh2 Qc8 19. Nd5 h5 20. Nxf6+ Rxf6 21.
gxh5 Rxf3 22. hxg6 Rh3 23. Qd2 Rxh1 24. Rxh1 Qc6 25. Qh2 Qxg6 26. Rg1 Bg4 27.
Qg2 f5 28. Qxb7 Qf6 29. Bxa7 Bh6+ 30. Kb1 Rd8 31. Qg2 Qd6 32. a3 Kf7 33. Bc5
1/2-1/2

[Event "DVM U16 2009"]
[Site "Verden/Aller GER"]
[Date "2009.12.28"]
[Round "3"]
[White "Weiler, Philipp"]
[Black "Krause, Johann"]
[Result "1/2-1/2"]
[Termination "normal"]
[Board "10.3"]
[WhiteElo "1339"]
[BlackElo "1507"]
[WhiteTeam "SC Turm Illingen"]
[BlackTeam "Schachgemeinschaft Porz"]
[PlyCount "62"]
[BlackFideId "1270612"]
[EventCountry "GER"]
[EventRounds "7"]
[EventType "team-swiss"]
[EventDate "2009.12.26"]

1. e4 c6 2. d4 d5 3. exd5 cxd5 4. Nf3 Bf5 5. Nc3 Nf6 6. Bd3 Bg6 7. Ne5 Bxd3 8.
Qxd3 Nbd7 9. O-O e6 10. Bg5 Be7 11. f4 Qb6 12. Kh1 h6 13. Bh4 Ng8 14. Bg3 Ngf6
15. Nxd7 Nxd7 16. f5 O-O 17. fxe6 fxe6 18. Qb5 Qc6 19. Rae1 Rxf1+ 20. Rxf1 Rf8
21. Rxf8+ Kxf8 22. Qxc6 bxc6 23. Kg1 Bf6 24. Ne2 a6 25. c3 c5 26. Bf2 c4 27. b4
Nb6 28. Bg3 Na4 29. Bf2 Bg5 30. Kf1 Nb2 31. h4 Bf6 1/2-1/2

[Event "DVM U16 2009"]
[Site "Verden/Aller GER"]
[Date "2009.12.28"]
[Round "3"]
[White "Mehler, Simon"]
[Black "Küneke, Niklas"]
[Result "1-0"]
[Termination "normal"]
[Board "10.4"]
[WhiteElo "1483"]
[BlackElo "1173"]
[WhiteTeam "Schachgemeinschaft Porz"]
[BlackTeam "SC Turm Illingen"]
[PlyCount "60"]
[WhiteFideId "12910198"]
[EventCountry "GER"]
[EventRounds "7"]
[EventType "team-swiss"]
[EventDate "2009.12.26"]

1. e4 e5 2. Nf3 Nc6 3. Bc4 h6 4. O-O Nf6 5. Re1 Bc5 6. c3 d6 7. d4 exd4 8. cxd4
Bb4 9. Nc3 Bxc3 10. bxc3 O-O 11. Qb3 Na5 12. Qa4 Nxc4 13. Qxc4 b6 14. e5 dxe5
15. Nxe5 Be6 16. Qc6 Nd7 17. Ba3 Re8 18. Qf3 Nxe5 19. Rxe5 f6 20. Re4 Qd5 21.
Rae1 Rad8 22. Rxe6 Rxe6 23. Qxd5 Rxd5 24. Rxe6 c5 25. Kf1 cxd4 26. Rd6 Rxd6 27.
Bxd6 dxc3 28. Ke2 Kf7 29. Kd3 Ke8 30. Kxc3 Kd7 1-0